| 000 | 00443nam a2200181Ia 4500 | ||
|---|---|---|---|
| 001 | 7681 | ||
| 005 | 20260306160513.0 | ||
| 008 | 260306t2022||||xx |||||||||||||| ||spa|| | ||
| 041 | _aESP | ||
| 082 |
_a354.328 _bH22 |
||
| 100 |
_aHaro Lázaro, Guillermo _eAUT |
||
| 245 | 0 | _aDerecho ambiental y su política ecológica | |
| 260 | _c2022 | ||
| 300 |
_a288 páginas : _c20 cm. |
||
| 650 | _aGEN | ||
| 654 | _aCIA | ||
| 942 |
_cLIB _dJUS _fJUS _2ddc _n |
||
| 999 |
_c7681 _d7681 |
||